Campeões do Campeonato Mato-Grossense de Futebol - Statistics

Estatísticas Gerais
  • Esse quiz foi jogado 100 vezes
  • A pontuação média é 8 de 19
Estatísticas das Respostas
Titulos Time % Correto
9 Cuiabá
98%
24 Mixto
77%
3 Luverdense
71%
1 EC Operário
70%
1 Operário FC
70%
4 Operário-MS
70%
3 Sinop
54%
1 União Rondonópolis
45%
6 Dom Bosco
40%
1 Comercial-MS
38%
2 Sorriso
33%
12 CEOV
32%
1 Nova Mutum
30%
1 Cacerense
26%
2 Juventude
22%
5 Atlético Mato Grossense
20%
1 Vila Aurora
18%
1 Americano
7%
1 Paulistano
5%
Nenhum quiz correspondente encontrado
Distribuição das Pontuações
Porcentagem de Pessoas com Cada Pontuação
Percentil de Números Respondidos
Sua Pontuação Histórica
Você não jogou esse quiz